| 000 | 01036nam a22002297a 4500 | ||
|---|---|---|---|
| 005 | 20240530110622.0 | ||
| 008 | 161226s2015 ua bh g 000 0 ara d | ||
| 017 |
_a2014/25717 _bمصر. دار الكتب |
||
| 020 | _a97897741154541 | ||
| 040 |
_aEG-CaGPL _cEG-CaGPL |
||
| 082 | 0 | 4 |
_221 _a910.02\ _bم ج |
| 100 | 0 | _aمحمد ابراهيم حسن | |
| 245 | 1 | 0 |
_aجغرافيا اوروبا الاقليمية فى دراسة مقارنة مع الشرق الاسيوى و حوض البحر الاحمر / _cمحمد ابراهيم حسن ؛ اشرف على اعداه وقدم له السيد على شتا |
| 250 | _aط. 1 | ||
| 260 |
_aالقاهرة : _bالمكتبة المصرية للنشر و التوزيع ، _c2015. |
||
| 300 |
_a332 ص. : _bخرائط ، صور ؛ _c24 سم. |
||
| 650 | 0 | 7 |
_2qrmak _aالجغرافيا الطبيعية |
| 651 | 0 | 7 |
_2qrmak _aاوروبا _xجغرافيا |
| 700 | 0 |
_aالسيد على شتا _eمعد و مقدم |
|
| 942 |
_2ddc _cBK |
||
| 999 |
_c63086 _d63086 |
||